000 00453cam a22001934a 4500
005 20250605164246.0
008 250528s ||||||||||||||||||||||||d
035 _a21543
020 _a9780135745595
040 _aGR-AtMCL
_bgre
_dGR-AtMCL
_eAACR2
245 1 _aEUROPEAN BUSINESS CULTURES
250 _a1
260 _bPrentice Hall,
_c2000
300 _a215
700 1 _aCrane Robert
_93505
942 _cBK
999 _c6605
_d6605